| 000 | 00833cam a2200229 4500 | ||
|---|---|---|---|
| 001 | ABS66018 | ||
| 008 | 021025n2002 000 0 eng u | ||
| 035 | _a(Sirsi) u120253 | ||
| 100 | _aPearl, R.G. | ||
| 245 | _aConstruction time prediction: the forgotten service | ||
| 260 | _c2002 | ||
| 490 |
_aCost Engineer _v40(4) September 2002, 7-11(5) |
||
| 520 | _aDescribes an experiment conducted with South African contractors and consultants to assess the way in which they forecast project construction time, within the remit of a preferred procurement model. Graphs. Charts. | ||
| 590 | _aABS | ||
| 650 | _aCONSTRUCTION INDUSTRY | ||
| 650 | _aSOUTH AFRICA | ||
| 650 | _aPROJECT CONSTRUCTION TIME | ||
| 650 | _aPROCUREMENT MODELS | ||
| 690 | _aBUILDING AND CONSTRUCTION-PROJECTS | ||
| 700 | _aBowen, P. A. | ||
| 942 | _n0 | ||
| 999 |
_c71440 _d71440 |
||